000 01453cam a2200301 4500
001 ABS65776
008 020725n2002 000 0 eng u
035 _a(Sirsi) u119044
100 _aThompson, M
245 4 _aThe cost of change
260 _c2002
490 _aLandscape Design
_v(312) July/August 2002, 38-41(4)
520 _aReport on the changing face of the British countryside. Suggests that modernising the agricultural industry has had several negative impacts on the countryside, such as creating a cavity between society and the farming community, a loss of wildlife, woodland and heritage, and pollution from modern farming techniques. While diversification of the rural economy will help farm incomes, there is concern that it may jeopardise the distinction between town and country. Looks at the ability of the UK farming industry to compete on the global market and discusses the countryside of the future, referring to the Countryside and Rights of Way Act 2000, biodiversity and strategic land management plans.
590 _aABS
650 _aAGRICULTURAL INDUSTRY
650 _aWILDLIFE
650 _aPOLLUTION
650 _aWOODLANDS
650 _aBIODIVERSITY
650 _aCOUNTRYSIDE
650 _aFARMING
650 _aDIVERSIFICATION
650 _aRURAL ECONOMY
650 _aCOMMON AGRICULTURAL POLICY
650 _aCOUNTRYSIDE AND RIGHTS OF WAY ACT 2000
690 _aRural
_96268
942 _n0
999 _c70815
_d70815